[Event "Charlotte CCCSA Summer GM-A"]
[Site "Charlotte"]
[Date "2021.08.01"]
[Round "9"]
[White "Ruiz Castillo, Joshua Daniel"]
[Black "Banawa, Joel Cholo"]
[Result "1/2-1/2"]
[WhiteElo "2503"]
[BlackElo "2404"]
[PlyCount "49"]
[EventDate "2021.07.28"]
[EventType "tourn"]
[EventRounds "9"]
[EventCountry "USA"]
[EventCategory "8"]
[SourceTitle "CBM 203 Extra"]
[Source "ChessBase"]
[SourceDate "2021.09.30"]
[SourceVersion "1"]
[SourceVersionDate "2021.09.30"]
[SourceQuality "1"]

1. b3 e5 2. Bb2 Nc6 3. c4 Nf6 4. Nc3 d5 5. cxd5 Nxd5 6. e3 Be7 7. Nf3 0-0 8. Bb5 Bg4 9. h3 Bh5 10. Bxc6 bxc6 11. g4 Bg6 12. Nxe5 Nb4 13. 0-0 Nd3 14. Nxc6 Qd7 15. Nxe7+ Qxe7 16. Na4 f5 17. f4 fxg4 18. Qxg4 Bf5 19. Qg5 Qxg5+ 20. fxg5 Bxh3 21. Rxf8+ Rxf8 22. Kh2 Bd7 23. Bd4 Rf2+ 24. Kg3 Bc6 25. Rg1 1/2-1/2

[Event "Titled Tuesday intern op 04th May"]
[Site "Chess.com INT"]
[Date "2021.05.04"]
[Round "8"]
[White "Banawa, Joel Cholo"]
[Black "Eynullayev, Atilla Elshan"]
[Result "1-0"]
[WhiteElo "2404"]
[BlackElo "2347"]
[PlyCount "71"]
[EventDate "2021.05.04"]
[EventType "swiss (blitz)"]
[EventRounds "11"]
[EventCountry "USA"]
[SourceTitle "CBM 202 Extra"]
[Source "ChessBase"]
[SourceDate "2021.07.31"]
[SourceVersion "1"]
[SourceVersionDate "2021.07.31"]
[SourceQuality "1"]

1. e4 c5 2. c3 Nf6 3. e5 Nd5 4. d4 d6 5. Nf3 cxd4 6. cxd4 Nc6 7. Bc4 dxe5 8. dxe5 Ndb4 9. Qxd8+ Nxd8 10. Na3 a6 11. Bd2 Nbc6 12. 0-0 Bg4 13. Rfe1 Bxf3 14. gxf3 e6 15. Nc2 Rc8 16. Bd3 Be7 17. b4 0-0 18. a4 Nb8 19. b5 axb5 20. axb5 Nd7 21. Nd4 Nc5 22. Bf1 Rc7 23. Ra8 Rd7 24. Be3 b6 25. Rea1 f6 26. f4 g5 27. Nc6 Nxc6 28. bxc6 Rc7 29. exf6 Bxf6 30. Rxf8+ Kxf8 31. Ra8+ Kg7 32. fxg5 Be5 33. Bb5 Ne4 34. Bxb6 Rf7 35. h4 Nd6 36. c7 1-0

[Event "Titled Tuesday intern op 04th May"]
[Site "Chess.com INT"]
[Date "2021.05.04"]
[Round "1"]
[White "Banawa, Joel Cholo"]
[Black "Pein, Jonathan"]
[Result "1/2-1/2"]
[WhiteElo "2404"]
[BlackElo "2185"]
[PlyCount "218"]
[EventDate "2021.05.04"]
[EventType "swiss (blitz)"]
[EventRounds "11"]
[EventCountry "USA"]
[SourceTitle "CBM 202 Extra"]
[Source "ChessBase"]
[SourceDate "2021.07.31"]
[SourceVersion "1"]
[SourceVersionDate "2021.07.31"]
[SourceQuality "1"]

1. e4 d5 2. exd5 Qxd5 3. Nf3 Nf6 4. Nc3 Qd6 5. d4 e6 6. Nb5 Qd8 7. Bf4 Nd5 8. Bg3 a6 9. Nc3 Bb4 10. Qd3 c5 11. a3 Qa5 12. Rc1 Bxc3+ 13. bxc3 cxd4 14. Nxd4 Qxc3+ 15. Qxc3 Nxc3 16. Bd3 Bd7 17. 0-0 Nc6 18. Nb3 0-0 19. Nc5 Bc8 20. Rfe1 b6 21. Nb3 Bb7 22. Nd2 Ne7 23. Nc4 Ned5 24. Nd6 Bc6 25. f4 g6 26. Rf1 Rfd8 27. Nc4 Bb5 28. Bh4 f6 29. Rfe1 Kf7 30. Bg3 Rac8 31. Nb2 Bxd3 32. Nxd3 h5 33. h3 Na2 34. Rb1 Rxc2 35. Bf2 Nac3 36. Rb3 Ne2+ 37. Kf1 Nexf4 38. Nxf4 Nxf4 39. Rxb6 Nd3 40. Rb7+ Kf8 41. Bb6 Rd6 42. Rd1 e5 43. Ba5 Rd4 44. Rb8+ Kf7 45. Rb7+ Ke6 46. Rb6+ Kf5 47. Rxa6 Rf2+ 48. Kg1 Ra2 49. Bb6 Rd6 50. a4 e4 51. Ra5+ Ke6 52. Be3 f5 53. Ra8 f4 54. Bc1 Ra1 55. Rc8 Nxc1 56. Rdxc1 Rxa4 57. Re8+ Kf5 58. Rc5+ Kf6 59. Rf8+ Kg7 60. Rxf4 Re6 61. Rc7+ Kg8 62. Rf1 Ra8 63. Re1 Rae8 64. Rc2 e3 65. Rce2 Kf7 66. Kh2 Kf6 67. Kg3 g5 68. Kf3 Kg6 69. Rxe3 Rf8+ 70. Kg3 Rxe3+ 71. Rxe3 Rf6 72. Re5 h4+ 73. Kh2 Rf4 74. Re8 Rf6 75. Kg1 Kf5 76. Re2 Kg6 77. Re3 Rf5 78. g3 hxg3 79. Rxg3 Kh5 80. Rc3 Rf4 81. Kg2 Rf5 82. Kg3 Ra5 83. Re3 Rb5 84. Ra3 Rc5 85. Rd3 Rb5 86. Kf3 Rb1 87. Ke4 Re1+ 88. Kf5 Rf1+ 89. Ke5 Rf8 90. Ke4 Kh4 91. Rd5 Rf4+ 92. Ke3 Rf8 93. Ke2 Rg8 94. Kf2 Kxh3 95. Rd3+ Kg4 96. Rd4+ Kh5 97. Kg3 Re8 98. Rd3 Re4 99. Rb3 Rc4 100. Ra3 Rg4+ 101. Kh3 Rf4 102. Kg3 Rh4 103. Ra8 Rf4 104. Rh8+ Kg6 105. Rg8+ Kf5 106. Rf8+ Ke5 107. Rg8 Kf5 108. Rf8+ Ke5 109. Rg8 Kf5 1/2-1/2

[Event "Titled Tuesday intern op 04th May"]
[Site "Chess.com INT"]
[Date "2021.05.04"]
[Round "6"]
[White "Banawa, Joel Cholo"]
[Black "Tang, Andrew"]
[Result "0-1"]
[WhiteElo "2404"]
[BlackElo "2538"]
[PlyCount "114"]
[EventDate "2021.05.04"]
[EventType "swiss (blitz)"]
[EventRounds "11"]
[EventCountry "USA"]
[SourceTitle "CBM 202 Extra"]
[Source "ChessBase"]
[SourceDate "2021.07.31"]
[SourceVersion "1"]
[SourceVersionDate "2021.07.31"]
[SourceQuality "1"]

1. e4 e5 2. Nf3 Nc6 3. Bc4 Bc5 4. b4 Bxb4 5. c3 Be7 6. d4 Na5 7. Be2 d6 8. Qa4+ c6 9. dxe5 dxe5 10. Nxe5 Nf6 11. 0-0 Qc7 12. f4 0-0 13. Nd2 b5 14. Qc2 Bb7 15. Ndf3 a6 16. Ng5 h6 17. Ngxf7 Rxf7 18. Nxf7 Bc5+ 19. Kh1 Qxf7 20. e5 Nd5 21. Bd3 Rf8 22. Bd2 Bc8 23. f5 Nc4 24. e6 Qh5 25. Bxc4 Bd6 26. g3 bxc4 27. Kg2 Bb7 28. Rab1 Ba8 29. Kg1 c5 30. Qd1 Qh3 31. Qf3 Nf4 32. Qf2 Nd3 33. Qe2 Bc6 34. Rb6 Rc8 35. Rxc6 Rxc6 36. e7 Bxe7 37. Qxe7 Rf6 38. Qe4 Qh5 39. Qxc4+ Qf7 40. Qxd3 Qxa2 41. Be3 Qf7 42. Bxc5 Qc7 43. Bd4 Rd6 44. Qe3 Qf7 45. Qe5 Rd5 46. Qb8+ Kh7 47. Qf4 a5 48. Qe4 Kg8 49. f6 g6 50. Rb1 Rd8 51. Rb7 Qd5 52. f7+ Kf8 53. Qxd5 Rxd5 54. Bf6 a4 55. Kg2 a3 56. c4 Rd2+ 57. Kh3 a2 0-1

[Event "Titled Tuesday intern op 04th May"]
[Site "Chess.com INT"]
[Date "2021.05.04"]
[Round "4"]
[White "Janaszak, Dawid"]
[Black "Banawa, Joel Cholo"]
[Result "0-1"]
[WhiteElo "2348"]
[BlackElo "2404"]
[PlyCount "78"]
[EventDate "2021.05.04"]
[EventType "swiss (blitz)"]
[EventRounds "11"]
[EventCountry "USA"]
[SourceTitle "CBM 202 Extra"]
[Source "ChessBase"]
[SourceDate "2021.07.31"]
[SourceVersion "1"]
[SourceVersionDate "2021.07.31"]
[SourceQuality "1"]

1. d4 Nf6 2. Nf3 g6 3. Bf4 Bg7 4. Nc3 d6 5. e4 Nbd7 6. Qd2 c5 7. d5 Qb6 8. 0-0-0 Nxe4 9. Qe3 Nxc3 10. bxc3 Nf6 11. h3 Bf5 12. Bh6 Bxh6 13. Qxh6 Ne4 14. Qe3 Qa5 15. Kb2 b5 16. g4 b4 17. gxf5 Nxc3 18. Bc4 Qa3+ 19. Ka1 Nxd1 20. Qxa3 bxa3 21. Rxd1 gxf5 22. Nh4 f4 23. Rg1 Kf8 24. Nf5 Rb8 25. Bb3 Rb4 26. c4 a5 27. Rc1 a4 28. Bd1 Rg8 29. Bg4 h5 30. Bxh5 Rxc4 31. Rb1 Rb4 32. Rc1 Rg2 33. Nh6 Rxf2 34. Rg1 e6 35. Bxf7 Rbb2 36. Rg8+ Ke7 37. Re8+ Kf6 38. Rxe6+ Kg7 39. Rg6+ Kh7 0-1

[Event "Titled Tuesday intern op 04th May"]
[Site "Chess.com INT"]
[Date "2021.05.04"]
[Round "7"]
[White "Trost, Edvin"]
[Black "Banawa, Joel Cholo"]
[Result "0-1"]
[WhiteElo "2184"]
[BlackElo "2404"]
[PlyCount "244"]
[EventDate "2021.05.04"]
[EventType "swiss (blitz)"]
[EventRounds "11"]
[EventCountry "USA"]
[SourceTitle "CBM 202 Extra"]
[Source "ChessBase"]
[SourceDate "2021.07.31"]
[SourceVersion "1"]
[SourceVersionDate "2021.07.31"]
[SourceQuality "1"]

1. d4 Nf6 2. c4 g6 3. Nc3 Bg7 4. e4 0-0 5. h3 d6 6. Nf3 Na6 7. Be3 c5 8. Be2 cxd4 9. Nxd4 Nc5 10. Qc2 a5 11. 0-0 a4 12. Rfe1 Nfd7 13. Rad1 Qa5 14. Nd5 Re8 15. Nb5 Na6 16. Na7 Nb4 17. Nxb4 Qxb4 18. Nxc8 Rexc8 19. b3 axb3 20. Qxb3 Qxb3 21. axb3 Ra2 22. Bd3 Ne5 23. f4 Nxd3 24. Rxd3 Rb2 25. Kh2 Ra8 26. Red1 Ra3 27. c5 Rbxb3 28. cxd6 exd6 29. Rxb3 Rxb3 30. Bf2 Bf8 31. Rc1 Rb4 32. e5 Rxf4 33. Bg3 Rd4 34. Rc8 Kg7 35. Rd8 d5 36. e6 Re4 37. exf7 Kxf7 38. Rxd5 b6 39. Rd8 Bc5 40. Rd7+ Re7 41. Rd2 Re3 42. Bf2 Rc3 43. Bxc5 bxc5 44. Rd7+ Kg8 45. Rc7 c4 46. h4 h6 47. g3 Rc1 48. Kh3 c3 49. h5 gxh5 50. Kh2 Kf8 51. Kg2 Ke8 52. Kh2 Kd8 53. Rc5 c2 54. Rc6 Kd7 55. Rc5 Kd6 56. Rc8 Kd5 57. Rd8+ Ke5 58. Re8+ Kf5 59. Rf8+ Kg6 60. Rg8+ Kf6 61. Rf8+ Ke7 62. Rc8 h4 63. gxh4 Ke6 64. Rc6+ Kf5 65. Rc5+ Kf6 66. Rc8 Ke5 67. Re8+ Kd6 68. Rc8 Ke6 69. Rc6+ Kf5 70. Rc5+ Kf4 71. Rc4+ Ke3 72. Rc8 Kd4 73. Rd8+ Ke5 74. Re8+ Kf6 75. Rf8+ Kg6 76. Rc8 Kg7 77. Rc7+ Kf8 78. Rc6 Ke7 79. Rc7+ Kd8 80. Rc6 h5 81. Rc5 Kd7 82. Rc4 Kd6 83. Rc8 Ke6 84. Rc5 Kf6 85. Rc6+ Ke5 86. Rc5+ Kd4 87. Rc8 Ke4 88. Re8+ Kf3 89. Rc8 Kf2 90. Rf8+ Ke2 91. Re8+ Kd2 92. Rd8+ Ke3 93. Rc8 Kf3 94. Rf8+ Kg4 95. Rc8 Kxh4 96. Rc4+ Kg5 97. Rc5+ Kg4 98. Rc6 Kf3 99. Rc5 Ke4 100. Rc8 Kf4 101. Rf8+ Kg5 102. Rg8+ Kh4 103. Rg2 Rh1+ 104. Kxh1 c1Q+ 105. Kh2 Qf4+ 106. Kh1 Qe4 107. Kh2 Qe5+ 108. Kh1 Qd6 109. Rf2 Kg4 110. Kg2 Qg3+ 111. Kh1 Qd3 112. Rg2+ Kf4 113. Kh2 h4 114. Rf2+ Kg4 115. Rg2+ Kh5 116. Kh1 Qd6 117. Rf2 Qc6+ 118. Kh2 Kg4 119. Rg2+ Kh5 120. Kh1 Qd6 121. Rf2 h3 122. Rf1 Qd5+ 0-1

[Event "Titled Tuesday intern op 21st July"]
[Site "Chess.com INT"]
[Date "2020.07.21"]
[Round "9"]
[White "Ogloblin, Nikolay"]
[Black "Banawa, Joel Cholo"]
[Result "0-1"]
[WhiteElo "2346"]
[BlackElo "2404"]
[PlyCount "88"]
[EventDate "2020.07.21"]
[EventType "swiss (blitz)"]
[EventRounds "10"]
[EventCountry "USA"]
[SourceTitle "CBM 197 Extra"]
[Source "ChessBase"]
[SourceDate "2020.09.30"]
[SourceVersion "1"]
[SourceVersionDate "2020.09.30"]
[SourceQuality "1"]

1. d4 Nf6 2. Nf3 g6 3. c4 Bg7 4. Nc3 0-0 5. Bg5 d6 6. e3 Na6 7. h3 c5 8. d5 Nc7 9. a4 Rb8 10. Bd3 a6 11. a5 b5 12. axb6 Rxb6 13. Qc2 Bd7 14. 0-0 Qb8 15. Ra2 Qb7 16. Nd2 Rb8 17. b3 e6 18. e4 exd5 19. exd5 h6 20. Bf4 Nh5 21. Bh2 Rxb3 22. Nxb3 Qxb3 23. Ne4 Bf5 24. Bxd6 Qxc2 25. Rxc2 Rc8 26. g4 Bxe4 27. Bxe4 Ne8 28. Bxc5 Nhf6 29. d6 Rxc5 30. Rd1 Nxd6 31. Rxd6 Nxe4 32. Rxa6 Bd4 33. Ra4 h5 34. Kg2 h4 35. Ra8+ Kg7 36. Rd8 Bf6 37. Rd5 Rc6 38. f3 Nc3 39. Rd3 Rxc4 40. g5 Be5 41. Re3 Nd5 42. Ree2 Rxc2 43. Rxc2 Ne3+ 44. Kf2 Nxc2 0-1

[Event "Titled Tuesday intern op 6th June"]
[Site "Chess.com INT"]
[Date "2020.06.02"]
[Round "2"]
[White "Banawa, Joel Cholo"]
[Black "Shuvalova, Polina"]
[Result "1-0"]
[WhiteElo "2404"]
[BlackElo "2454"]
[PlyCount "97"]
[EventDate "2020.06.02"]
[EventType "swiss (blitz)"]
[EventRounds "10"]
[EventCountry "USA"]
[SourceTitle "CBM 196 Extra"]
[Source "ChessBase"]
[SourceDate "2020.07.31"]
[SourceVersion "1"]
[SourceVersionDate "2020.07.31"]
[SourceQuality "1"]

1. e4 c6 2. d4 d5 3. Nc3 dxe4 4. Nxe4 Bf5 5. Ng3 Bg6 6. Nh3 Nf6 7. Nf4 e5 8. Nxg6 hxg6 9. dxe5 Qa5+ 10. Bd2 Qxe5+ 11. Qe2 Nbd7 12. Qxe5+ Nxe5 13. f4 Ned7 14. 0-0-0 0-0-0 15. Bc4 Nd5 16. Ne4 Be7 17. Rde1 Rde8 18. g4 f5 19. gxf5 gxf5 20. Ng3 g6 21. Re6 Bf6 22. Bxd5 cxd5 23. Rd6 Rh3 24. Rxd5 Reh8 25. Rd1 R8h7 26. Be3 Rxh2 27. a4 Rg2 28. Nf1 Nb6 29. Rc5+ Kb8 30. a5 Nd7 31. Rcd5 Kc7 32. Bxa7 Re2 33. Bb6+ Nxb6 34. axb6+ Kc8 35. Nd2 Rhh2 36. Rd6 Bd8 37. Rxg6 Be7 38. Rg8+ Kd7 39. Nf3+ Ke6 40. Nxh2 Rxh2 41. Rb8 Bd6 42. Rxb7 Bxf4+ 43. Kb1 Be5 44. Rbd7 Rh8 45. R7d2 Rh4 46. c3 Rc4 47. Re1 Kf6 48. Rxe5 Kxe5 49. b7 1-0

[Event "Titled Tuesday intern op 6th June"]
[Site "Chess.com INT"]
[Date "2020.06.02"]
[Round "1"]
[White "Rakhmangulova, Anastasiya"]
[Black "Banawa, Joel Cholo"]
[Result "0-1"]
[WhiteElo "2191"]
[BlackElo "2404"]
[PlyCount "62"]
[EventDate "2020.06.02"]
[EventType "swiss (blitz)"]
[EventRounds "10"]
[EventCountry "USA"]
[SourceTitle "CBM 196 Extra"]
[Source "ChessBase"]
[SourceDate "2020.07.31"]
[SourceVersion "1"]
[SourceVersionDate "2020.07.31"]
[SourceQuality "1"]

1. e4 e5 2. Nf3 Nc6 3. c3 Nf6 4. d4 Bd6 5. dxe5 Nxe5 6. Nxe5 Bxe5 7. Bg5 h6 8. Bxf6 Qxf6 9. g3 Bd6 10. Bg2 0-0 11. 0-0 Re8 12. Nd2 Bf8 13. f4 Qb6+ 14. Kh1 Qxb2 15. e5 Qxc3 16. Ne4 Qb4 17. Rb1 Qe7 18. Qh5 g6 19. Qf3 Bg7 20. Rfd1 Rb8 21. Qf2 b6 22. Nc3 Bb7 23. Bxb7 Rxb7 24. Nd5 Qf8 25. Rbc1 c6 26. Nc3 d5 27. exd6 Rd7 28. Ne2 Red8 29. Ng1 Rxd6 30. Nf3 Rxd1+ 31. Rxd1 Rxd1+ 0-1

[Event "Saint Louis Norm GM"]
[Site "Saint Louis"]
[Date "2019.05.21"]
[Round "9"]
[White "Banawa, Joel Cholo"]
[Black "Korley, Kassa"]
[Result "1/2-1/2"]
[WhiteElo "2396"]
[BlackElo "2468"]
[PlyCount "39"]
[EventDate "2019.05.16"]
[EventType "tourn"]
[EventRounds "9"]
[EventCountry "USA"]
[EventCategory "9"]
[SourceTitle "CBM 190 Extra"]
[Source "ChessBase"]
[SourceDate "2019.07.15"]
[SourceVersion "1"]
[SourceVersionDate "2019.07.15"]
[SourceQuality "1"]

1. e4 c6 2. d4 d5 3. exd5 cxd5 4. Bd3 Nc6 5. c3 Nf6 6. Bf4 e6 7. Nd2 Bd6 8. Bxd6 Qxd6 9. Ngf3 0-0 10. 0-0 Bd7 11. Re1 Qf4 12. Qe2 Rab8 13. Nb3 Rfc8 14. Ne5 Be8 15. g3 Qh6 16. h4 Nxe5 17. dxe5 Nd7 18. Nd4 Nc5 19. Bc2 b5 20. a3 1/2-1/2

[Event "Saint Louis Norm GM"]
[Site "Saint Louis"]
[Date "2019.05.20"]
[Round "8"]
[White "Escalante Ramirez, Brian Sebastian"]
[Black "Banawa, Joel Cholo"]
[Result "1/2-1/2"]
[WhiteElo "2452"]
[BlackElo "2396"]
[PlyCount "59"]
[EventDate "2019.05.16"]
[EventType "tourn"]
[EventRounds "9"]
[EventCountry "USA"]
[EventCategory "9"]
[SourceTitle "CBM 190 Extra"]
[Source "ChessBase"]
[SourceDate "2019.07.15"]
[SourceVersion "1"]
[SourceVersionDate "2019.07.15"]
[SourceQuality "1"]

1. e4 c5 2. Nf3 e6 3. d4 cxd4 4. Nxd4 Nf6 5. Nc3 Nc6 6. Ndb5 Bb4 7. a3 Bxc3+ 8. Nxc3 d5 9. exd5 exd5 10. Bd3 0-0 11. 0-0 d4 12. Ne4 Bf5 13. Bg5 Bxe4 14. Bxe4 h6 15. Bxf6 Qxf6 16. Re1 Rfe8 17. Qf3 Qxf3 18. gxf3 Kf8 19. f4 Re6 20. Bd3 Rae8 21. Rxe6 Rxe6 22. Kg2 Ne7 23. Kg3 g6 24. Rd1 Rb6 25. b3 Rc6 26. Be4 Rc3+ 27. f3 Nf5+ 28. Kf2 Ke7 29. a4 b6 30. Bxf5 1/2-1/2

[Event "Saint Louis Norm GM"]
[Site "Saint Louis"]
[Date "2019.05.17"]
[Round "3"]
[White "Banawa, Joel Cholo"]
[Black "Jacobson, Brandon"]
[Result "1/2-1/2"]
[WhiteElo "2396"]
[BlackElo "2503"]
[PlyCount "61"]
[EventDate "2019.05.16"]
[EventType "tourn"]
[EventRounds "9"]
[EventCountry "USA"]
[EventCategory "9"]
[SourceTitle "CBM 190 Extra"]
[Source "ChessBase"]
[SourceDate "2019.07.15"]
[SourceVersion "1"]
[SourceVersionDate "2019.07.15"]
[SourceQuality "1"]

1. e4 c5 2. Nc3 d6 3. f4 Nc6 4. Nf3 g6 5. Bc4 Bg7 6. 0-0 e6 7. d4 cxd4 8. Nb5 Nge7 9. Bb3 a6 10. Nbxd4 Nxd4 11. Nxd4 0-0 12. c3 b5 13. a3 Qc7 14. Qe1 Bd7 15. Kh1 Rae8 16. Qh4 Nc6 17. Nf3 Qd8 18. Qg3 Kh8 19. Rd1 Qe7 20. e5 d5 21. Be3 f6 22. exf6 Bxf6 23. Re1 Qg7 24. Rad1 Rf7 25. Bc5 Na5 26. Ba2 Nb7 27. Bd4 Bxd4 28. Rxd4 Nd6 29. Bb1 Rff8 30. Ne5 Nc4 31. Nd3 1/2-1/2

[Event "Charlotte CCCSA Fall GM"]
[Site "Charlotte"]
[Date "2018.11.25"]
[Round "8"]
[White "Banawa, Joel Cholo"]
[Black "Katz, Alexander R"]
[Result "1/2-1/2"]
[WhiteElo "2388"]
[BlackElo "2419"]
[PlyCount "76"]
[EventDate "2018.11.21"]
[EventType "tourn"]
[EventRounds "9"]
[EventCountry "USA"]
[EventCategory "8"]
[SourceTitle "CBM 187 Extra"]
[Source "ChessBase"]
[SourceDate "2018.11.04"]
[SourceVersion "1"]
[SourceVersionDate "2018.11.04"]
[SourceQuality "1"]

1. d4 Nf6 2. Nf3 b6 3. c4 e6 4. g3 d5 5. Bg2 Be7 6. 0-0 0-0 7. Ne5 Bb7 8. Nc3 Nbd7 9. Qa4 c6 10. Bf4 Nxe5 11. Bxe5 dxc4 12. Qxc4 Nd5 13. Rfd1 a5 14. Qb3 Ba6 15. Bf1 Nxc3 16. Qxc3 Rc8 17. Qf3 a4 18. Rac1 Bb5 19. e4 Bxf1 20. Kxf1 Qd7 21. Qg4 g6 22. Qe2 Rfd8 23. Kg2 Qb7 24. f3 c5 25. dxc5 Bxc5 26. h4 h5 27. Qb5 Qa8 28. a3 Rxd1 29. Rxd1 Rd8 30. Rd3 Rxd3 31. Qxd3 Qc8 32. Bc3 Kf8 33. Qb5 Qd8 34. Qxa4 Qd3 35. Qa8+ Ke7 36. Qb7+ Ke8 37. Qc8+ Ke7 38. Qc7+ Ke8 1/2-1/2

[Event "Charlotte CCCSA Fall GM"]
[Site "Charlotte"]
[Date "2018.11.23"]
[Round "4"]
[White "Banawa, Joel Cholo"]
[Black "Wang, Tianqi"]
[Result "1/2-1/2"]
[WhiteElo "2388"]
[BlackElo "2354"]
[PlyCount "85"]
[EventDate "2018.11.21"]
[EventType "tourn"]
[EventRounds "9"]
[EventCountry "USA"]
[EventCategory "8"]
[SourceTitle "CBM 187 Extra"]
[Source "ChessBase"]
[SourceDate "2018.11.04"]
[SourceVersion "1"]
[SourceVersionDate "2018.11.04"]
[SourceQuality "1"]

1. c4 Nf6 2. Nf3 e6 3. g3 b6 4. Bg2 Bb7 5. 0-0 c5 6. Nc3 Be7 7. d4 cxd4 8. Qxd4 a6 9. Be3 Bc5 10. Qd3 Bc6 11. Bxc5 bxc5 12. e4 0-0 13. Rad1 Ra7 14. Rd2 h6 15. e5 Ne8 16. Ne4 Qa5 17. b3 Rc7 18. Rfd1 Bb7 19. Qe3 Qb4 20. Ne1 Qb6 21. Nc3 Bxg2 22. Nxg2 Rc6 23. Nf4 Qc7 24. Nh5 d6 25. exd6 Nxd6 26. Nxg7 Nxc4 27. bxc4 Kxg7 28. Ne2 e5 29. Rd5 Re6 30. Nc3 Nc6 31. Qxc5 Qc8 32. Qe3 Nd4 33. Qd3 Qc6 34. Ne2 Nxe2+ 35. Qxe2 Rfe8 36. Rd7 e4 37. Qh5 Rf6 38. c5 e3 39. fxe3 Qe4 40. R7d3 Re5 41. Qe2 Rxc5 42. Rd4 Rc2 43. R4d2 1/2-1/2

[Event "Charlotte CCCSA Fall GM"]
[Site "Charlotte"]
[Date "2018.11.22"]
[Round "2"]
[White "Banawa, Joel Cholo"]
[Black "Arribas Lopez, Angel"]
[Result "1-0"]
[WhiteElo "2388"]
[BlackElo "2480"]
[PlyCount "83"]
[EventDate "2018.11.21"]
[EventType "tourn"]
[EventRounds "9"]
[EventCountry "USA"]
[EventCategory "8"]
[SourceTitle "CBM 187 Extra"]
[Source "ChessBase"]
[SourceDate "2018.11.04"]
[SourceVersion "1"]
[SourceVersionDate "2018.11.04"]
[SourceQuality "1"]

1. d4 d6 2. Nf3 Nf6 3. c4 g6 4. Nc3 Bg7 5. e4 0-0 6. Be2 e5 7. 0-0 Nc6 8. d5 Ne7 9. Ne1 Nd7 10. Be3 f5 11. f3 Kh8 12. Nd3 c5 13. dxc6 Nxc6 14. Qd2 Nd4 15. Nb4 Nc5 16. Nc2 Nce6 17. Rad1 Bd7 18. Bd3 f4 19. Bf2 g5 20. Nxd4 Nxd4 21. Ne2 Nc6 22. Nc3 Rf6 23. Be2 Nd4 24. Bxd4 exd4 25. Qxd4 g4 26. fxg4 Rh6 27. Qf2 Be5 28. h3 Qg5 29. Nd5 Rf8 30. b3 Rh4 31. Ne3 f3 32. Bxf3 h5 33. Qe1 Rf4 34. Nd5 Rfxg4 35. Bxg4 hxg4 36. Qf2 Bg7 37. Qf4 Qh5 38. Nf6 Qc5+ 39. Kh1 Bh6 40. Nxd7 Qh5 41. Qxd6 Bg7 42. Nf6 1-0

[Event "Charlotte CCCSA GM"]
[Site "Charlotte"]
[Date "2018.09.03"]
[Round "8"]
[White "Belous, Vladimir"]
[Black "Banawa, Joel Cholo"]
[Result "1-0"]
[WhiteElo "2558"]
[BlackElo "2398"]
[PlyCount "63"]
[EventDate "2018.08.30"]
[EventType "tourn"]
[EventRounds "9"]
[EventCountry "USA"]
[EventCategory "8"]
[SourceTitle "CBM 205 Extra"]
[Source "ChessBase"]
[SourceDate "2022.01.31"]
[SourceVersion "1"]
[SourceVersionDate "2022.01.31"]
[SourceQuality "1"]

1. c4 c5 2. Nf3 Nc6 3. Nc3 e5 4. e3 Nf6 5. d4 cxd4 6. exd4 e4 7. Ne5 Bb4 8. Be2 Qa5 9. 0-0 Nxe5 10. dxe5 Qxe5 11. Be3 Bxc3 12. bxc3 0-0 13. Qd2 b6 14. a4 Bb7 15. a5 bxa5 16. Bd4 Qf5 17. h3 Bc6 18. g4 Qe6 19. Rxa5 Rfe8 20. Qf4 h6 21. h4 d6 22. g5 Nh7 23. gxh6 Qxh6 24. Qxh6 gxh6 25. Kh2 Kf8 26. Rg1 Re7 27. c5 d5 28. Ra6 Rc8 29. Rg7 f6 30. Rxe7 Kxe7 31. Rxa7+ Bd7 32. Bb5 1-0